Préfectures et sous-préfectures de la Normandie - Statistiques

Statistiques générales
  • Ce quiz a été pris 380 fois
  • Le résultat moyen est 11 sur 17
Statistiques - réponses
Département Ville % Correct
Calvados - Préfecture Caen
99%
Seine-Maritime - Préfecture Rouen
93%
Manche - Préfecture Saint-Lô
91%
Eure - Préfecture Evreux
90%
Seine-Maritime Le Havre
90%
Orne - Préfecture Alençon
88%
Calvados Bayeux
67%
Calvados Lisieux
63%
Manche Cherbourg-en-Cotentin
62%
Seine-Maritime Dieppe
61%
Manche Avranches
58%
Manche Coutances
45%
Orne Argentan
37%
Eure Bernay
36%
Calvados Vire Normandie
34%
Eure Les Andelys
32%
Orne Mortagne-au-Perche
25%
Aucun quiz correspondant
Distribution des résultats
% des personnes avec chaque résultat
Percentile par nombre de réponses
Votre historique - résultats
Vous n’avez pas pris ce quiz